[Event "Olomouc Chess Summer 2022 - D"]
[Site "Olomouc (CZE), Hotel Flora"]
[Date "2022.08.15"]
[Round "4"]
[Board "6"]
[White "Bartos, Alois"]
[Black "Lorenc, Oldrich"]
[Result "0-1"]
[WhiteElo "1843"]
[BlackElo "2111"]
[PlyCount "0"]
[EventDate "2022.08.13"]
[EventRounds "9"]
[EventCountry "CZE"]

1. e4 {[%clk 1:30:56]} c5 {[%clk 1:28:22]} 2. Nf3 {[%clk 1:31:18]} Nc6
{[%clk 1:28:24]} 3. d4 {[%clk 1:31:39]} cxd4 {[%clk 1:28:43]} 4. Nxd4
{[%clk 1:32:01]} g6 {[%clk 1:28:39]} 5. c4 {[%clk 1:31:16]} Bg7 {[%clk 1:28:28]}
6. Be3 {[%clk 1:31:38]} Qa5+ {[%clk 1:26:28]} 7. Nc3 {[%clk 1:31:02]} Nf6
{[%clk 1:26:47]} 8. f3 {[%clk 1:30:59]} O-O {[%clk 1:23:56]} 9. Nb3
{[%clk 1:26:05]} Qc7 {[%clk 1:17:27]} 10. Rc1 {[%clk 1:24:59]} d6
{[%clk 1:15:35]} 11. Qd2 {[%clk 1:24:31]} Be6 {[%clk 1:08:03]} 12. Nd5
{[%clk 1:15:05]} Qd8 {[%clk 1:05:59]} 13. Be2 {[%clk 1:14:00]} Ne5
{[%clk 0:50:54]} 14. O-O {[%clk 1:12:37]} Bd7 {[%clk 0:43:41]} 15. Nd4
{[%clk 1:10:32]} e6 {[%clk 0:39:08]} 16. Nc3 {[%clk 1:09:11]} a6 {[%clk 0:38:16]}
17. Rfd1 {[%clk 1:08:33]} Qc7 {[%clk 0:37:28]} 18. b3 {[%clk 1:07:56]} Ne8
{[%clk 0:36:09]} 19. Nc2 {[%clk 1:00:22]} Bc6 {[%clk 0:24:32]} 20. c5
{[%clk 0:51:35]} d5 {[%clk 0:24:49]} 21. exd5 {[%clk 0:49:49]} exd5
{[%clk 0:25:18]} 22. Nxd5 {[%clk 0:48:36]} Bxd5 {[%clk 0:25:33]} 23. Qxd5
{[%clk 0:48:52]} Nc6 {[%clk 0:25:34]} 24. Qd7 {[%clk 0:40:28]} Rd8
{[%clk 0:25:26]} 25. Qxc7 {[%clk 0:40:30]} Nxc7 {[%clk 0:25:51]} 26. Rxd8
{[%clk 0:32:59]} Rxd8 {[%clk 0:26:00]} 27. Rd1 {[%clk 0:31:20]} Rxd1+
{[%clk 0:23:37]} 28. Bxd1 {[%clk 0:31:43]} Nd5 {[%clk 0:23:46]} 29. Bd2
{[%clk 0:26:32]} Nc3 {[%clk 0:23:49]} 30. Bxc3 {[%clk 0:25:25]} Bxc3
{[%clk 0:24:11]} 31. Kf2 {[%clk 0:20:44]} Nb4 {[%clk 0:22:46]} 32. Ke3
{[%clk 0:18:16]} Nxa2 {[%clk 0:22:50]} 33. f4 {[%clk 0:16:49]} a5
{[%clk 0:15:15]} 34. Kd3 {[%clk 0:15:56]} Bf6 {[%clk 0:13:01]} 35. Bf3
{[%clk 0:15:53]} Bd8 {[%clk 0:11:05]} 36. Bxb7 {[%clk 0:16:01]} Kf8
{[%clk 0:11:30]} 37. Kc4 {[%clk 0:14:46]} Ke7 {[%clk 0:11:46]} 38. Nd4
{[%clk 0:13:59]} Nb4 {[%clk 0:10:29]} 39. Kb5 {[%clk 0:11:08]} Bc7
{[%clk 0:08:44]} 40. g3 {[%clk 0:09:33]} h6 {[%clk 0:06:55]} 41. Nf3
{[%clk 0:09:18]} Ke6 {[%clk 0:02:59]} 42. Nd2 {[%clk 0:09:21]} Na2
{[%clk 0:29:26]} 43. Kc6 {[%clk 0:33:41]} Bd8 {[%clk 0:29:40]} 44. Bc8+
{[%clk 0:33:42]} Ke7 {[%clk 0:29:45]} 45. Bh3 {[%clk 0:33:49]} Nc3
{[%clk 0:26:57]} 46. Bg2 {[%clk 0:33:18]} f6 {[%clk 0:24:11]} 47. Kb7
{[%clk 0:28:37]} g5 {[%clk 0:21:27]} 48. f5 {[%clk 0:25:26]} h5 {[%clk 0:20:40]}
49. Nc4 {[%clk 0:25:01]} a4 {[%clk 0:15:11]} 50. b4 {[%clk 0:22:05]} Nb5
{[%clk 0:15:20]} 51. Nd2 {[%clk 0:14:46]} Nd4 {[%clk 0:06:11]} 52. Nb1
{[%clk 0:10:27]} Nc2 {[%clk 0:04:44]} 53. b5 {[%clk 0:09:30]} a3 {[%clk 0:04:52]}
54. Bd5 {[%clk 0:09:19]} Nb4 {[%clk 0:04:58]} 55. Be6 {[%clk 0:06:16]} a2
{[%clk 0:05:11]} 56. Bxa2 {[%clk 0:06:43]} Nxa2 {[%clk 0:05:25]} 57. b6
{[%clk 0:06:49]} Nb4 {[%clk 0:04:00]} 58. c6 {[%clk 0:06:57]} Bxb6
{[%clk 0:03:43]} 59. Kxb6 {[%clk 0:07:14]} Kd6 {[%clk 0:04:05]} 60. Nc3
{[%clk 0:06:44]} Nxc6 {[%clk 0:04:23]} 61. Ne4+ {[%clk 0:07:01]} Ke5
{[%clk 0:04:27]} 62. Nxf6 {[%clk 0:00:57]} Kxf6 {[%clk 0:04:47]} 63. Kxc6
{[%clk 0:01:27]} Kxf5 {[%clk 0:05:09]} 64. Kd5 {[%clk 0:01:46]} Kg4 65. Ke4 Kh3
{[%clk 0:03:40]} 66. Kf5 {[%clk 0:01:16]} g4 {[%clk 0:04:00]} 67. Kg5
{[%clk 0:00:40]} Kxh2 {[%clk 0:04:21]} 68. Kh4 {[%clk 0:00:42]} Kg2
{[%clk 0:04:36]}  0-1

[Event "Olomouc Chess Summer 2022 - D"]
[Site "Olomouc (CZE), Hotel Flora"]
[Date "2022.08.15"]
[Round "4"]
[Board "7"]
[White "Kubicek, Antonin"]
[Black "Sedlak, Ludek"]
[Result "1-0"]
[WhiteElo "2084"]
[BlackElo "1852"]
[PlyCount "0"]
[EventDate "2022.08.13"]
[EventRounds "9"]
[EventCountry "CZE"]

1. c4 {[%clk 1:30:55]} Nf6 {[%clk 1:30:13]} 2. Nc3 {[%clk 1:30:51]} g6
{[%clk 1:29:22]} 3. g3 {[%clk 1:30:48]} Bg7 {[%clk 1:29:49]} 4. Bg2
{[%clk 1:31:10]} O-O {[%clk 1:29:32]} 5. Nf3 {[%clk 1:31:07]} d6 {[%clk 1:26:49]}
6. O-O {[%clk 1:30:51]} e5 {[%clk 1:25:36]} 7. d3 {[%clk 1:30:12]} Nc6
{[%clk 1:20:07]} 8. Rb1 {[%clk 1:30:06]} a5 {[%clk 1:18:20]} 9. a3
{[%clk 1:30:21]} Nh5 {[%clk 1:15:03]} 10. b4 {[%clk 1:27:04]} axb4
{[%clk 1:15:17]} 11. axb4 {[%clk 1:27:32]} f5 {[%clk 1:15:15]} 12. b5
{[%clk 1:24:20]} Ne7 {[%clk 1:14:35]} 13. Qb3 {[%clk 1:19:05]} Kh8
{[%clk 1:13:11]} 14. Bb2 {[%clk 1:17:33]} h6 {[%clk 1:09:52]} 15. Nd2
{[%clk 1:14:23]} g5 {[%clk 1:08:40]} 16. Ra1 {[%clk 1:11:24]} Rxa1
{[%clk 1:08:36]} 17. Rxa1 {[%clk 1:11:51]} Qe8 {[%clk 1:04:59]} 18. Ra7
{[%clk 1:06:53]} e4 {[%clk 0:52:17]} 19. dxe4 {[%clk 1:05:34]} f4
{[%clk 0:49:19]} 20. Ra1 {[%clk 0:57:23]} fxg3 {[%clk 0:45:41]} 21. hxg3
{[%clk 0:51:51]} Nxg3 {[%clk 0:42:35]} 22. Nf3 {[%clk 0:49:17]} g4
{[%clk 0:33:48]} 23. fxg3 {[%clk 0:47:59]} gxf3 {[%clk 0:34:11]} 24. exf3
{[%clk 0:46:51]} Bd4+ {[%clk 0:33:08]} 25. Kf1 {[%clk 0:47:11]} Ng6
{[%clk 0:16:07]} 26. Nd5 {[%clk 0:45:14]} Qe5 {[%clk 0:13:56]} 27. Bxd4
{[%clk 0:43:12]} Qxd4 {[%clk 0:14:22]} 28. Rd1 {[%clk 0:40:03]} Qc5
{[%clk 0:14:30]} 29. Qe3 {[%clk 0:36:57]} Qxc4+ {[%clk 0:13:26]} 30. Kg1
{[%clk 0:37:25]} Kg7 {[%clk 0:13:08]} 31. Rc1 {[%clk 0:37:41]} Qxb5
{[%clk 0:13:13]} 32. Rxc7+ {[%clk 0:37:42]} Bd7 {[%clk 0:13:07]} 33. Nc3
{[%clk 0:37:04]}  1-0

[Event "Olomouc Chess Summer 2022 - D"]
[Site "Olomouc (CZE), Hotel Flora"]
[Date "2022.08.15"]
[Round "4"]
[Board "8"]
[White "Mikulas, Dusan"]
[Black "Dvorak, Vladimir"]
[Result "1-0"]
[WhiteElo "2045"]
[BlackElo "1900"]
[PlyCount "0"]
[EventDate "2022.08.13"]
[EventRounds "9"]
[EventCountry "CZE"]

1. e4 {[%clk 1:30:57]} e6 {[%clk 1:12:36]} 2. d4 {[%clk 1:31:16]} d5
{[%clk 1:12:42]} 3. e5 {[%clk 1:30:23]} c5 {[%clk 1:13:03]} 4. c3
{[%clk 1:30:49]} Nc6 {[%clk 1:12:34]} 5. Nf3 {[%clk 1:31:15]} Qb6
{[%clk 1:11:48]} 6. Bd3 {[%clk 1:26:29]} cxd4 {[%clk 1:09:02]} 7. cxd4
{[%clk 1:26:49]} Nh6 {[%clk 1:08:09]} 8. O-O {[%clk 1:24:36]} Nf5
{[%clk 1:03:34]} 9. Bxf5 {[%clk 1:22:46]} exf5 {[%clk 1:03:54]} 10. Nc3
{[%clk 1:22:08]} Be6 {[%clk 1:04:03]} 11. a3 {[%clk 1:17:25]} Be7
{[%clk 1:02:32]} 12. b4 {[%clk 1:16:18]} O-O {[%clk 0:52:38]} 13. Na4
{[%clk 1:14:42]} Qc7 {[%clk 0:52:45]} 14. Nc5 {[%clk 1:13:20]} b6
{[%clk 0:50:39]} 15. Nd3 {[%clk 1:08:29]} b5 {[%clk 0:42:15]} 16. Be3
{[%clk 1:04:25]} a5 {[%clk 0:39:41]} 17. Qb3 {[%clk 1:00:51]} Qb6
{[%clk 0:34:21]} 18. Nc5 {[%clk 0:56:19]} Bxc5 {[%clk 0:32:22]} 19. bxc5
{[%clk 0:56:39]} Qa6 {[%clk 0:32:08]} 20. Bf4 {[%clk 0:48:33]} a4
{[%clk 0:30:22]} 21. Qe3 {[%clk 0:47:44]} Na5 {[%clk 0:23:59]} 22. Bg5
{[%clk 0:46:55]} Nc4 {[%clk 0:22:28]} 23. Qf4 {[%clk 0:45:48]} Ra7
{[%clk 0:16:54]} 24. Bf6 {[%clk 0:42:19]} gxf6 {[%clk 0:08:23]} 25. exf6  1-0

[Event "Olomouc Chess Summer 2022 - D"]
[Site "Olomouc (CZE), Hotel Flora"]
[Date "2022.08.15"]
[Round "4"]
[Board "9"]
[White "Krejci, Jan"]
[Black "Kotva, Milan"]
[Result "1-0"]
[WhiteElo "2055"]
[BlackElo "1829"]
[PlyCount "0"]
[EventDate "2022.08.13"]
[EventRounds "9"]
[EventCountry "CZE"]

1. Nf3 {[%clk 1:30:57]} d5 {[%clk 1:30:49]} 2. c4 {[%clk 1:31:21]} c6
{[%clk 1:31:09]} 3. g3 {[%clk 1:31:42]} Nf6 {[%clk 1:31:26]} 4. b3
{[%clk 1:31:57]} Bf5 {[%clk 1:30:52]} 5. Bb2 {[%clk 1:32:17]} Nbd7
{[%clk 1:31:10]} 6. Bg2 {[%clk 1:32:33]} e6 {[%clk 1:31:10]} 7. O-O
{[%clk 1:32:34]} Be7 {[%clk 1:30:39]} 8. d3 {[%clk 1:32:04]} O-O {[%clk 1:30:30]}
9. Nc3 {[%clk 1:28:10]} a6 {[%clk 1:29:25]} 10. a4 {[%clk 1:28:15]} Qc7
{[%clk 1:25:41]} 11. Rc1 {[%clk 1:26:32]} Qb6 {[%clk 1:23:26]} 12. Rb1
{[%clk 1:16:04]} Rfe8 {[%clk 1:14:37]} 13. h3 {[%clk 1:13:05]} h6
{[%clk 1:05:05]} 14. Nd2 {[%clk 1:04:09]} Rad8 {[%clk 0:59:45]} 15. Qc1
{[%clk 1:01:50]} Bg6 {[%clk 0:58:37]} 16. Ba3 {[%clk 1:01:03]} Bxa3
{[%clk 0:43:55]} 17. Qxa3 {[%clk 1:01:14]} Nh5 {[%clk 0:42:09]} 18. Kh2
{[%clk 0:59:50]} f5 {[%clk 0:40:38]} 19. b4 {[%clk 0:50:03]} Qc7 {[%clk 0:37:21]}
20. Bf3 {[%clk 0:45:47]} d4 {[%clk 0:36:14]} 21. Nd1 {[%clk 0:45:30]} e5
{[%clk 0:34:09]} 22. Bxh5 {[%clk 0:40:00]} Bxh5 {[%clk 0:34:37]} 23. f3
{[%clk 0:40:17]} Qd6 {[%clk 0:30:01]} 24. Nf2 {[%clk 0:37:57]} Qf6
{[%clk 0:29:44]} 25. Qc1 {[%clk 0:37:14]} Bg6 {[%clk 0:21:42]} 26. a5
{[%clk 0:29:52]} h5 {[%clk 0:21:45]} 27. Rg1 {[%clk 0:29:55]} Re6
{[%clk 0:19:39]} 28. Qe1 {[%clk 0:29:39]} Rde8 {[%clk 0:15:30]} 29. Rb2
{[%clk 0:27:32]} e4 {[%clk 0:12:47]} 30. fxe4 {[%clk 0:27:43]} fxe4
{[%clk 0:13:16]} 31. Nfxe4 {[%clk 0:27:41]} Bxe4 {[%clk 0:12:12]} 32. Nxe4
{[%clk 0:28:00]} Rxe4 {[%clk 0:10:13]} 33. dxe4 {[%clk 0:28:24]} Rxe4
{[%clk 0:09:12]} 34. Rf1 {[%clk 0:25:03]} Qe6 {[%clk 0:08:44]} 35. Qd2
{[%clk 0:22:30]} h4 {[%clk 0:07:38]} 36. Rf4 {[%clk 0:20:24]} hxg3+
{[%clk 0:07:19]} 37. Kg2 {[%clk 0:20:33]} Nf6 {[%clk 0:05:40]} 38. Rxe4
{[%clk 0:16:52]} Qxe4+ {[%clk 0:04:06]} 39. Kg1 {[%clk 0:16:57]} Qh4
{[%clk 0:02:42]} 40. e3 {[%clk 0:16:42]} Qxh3 {[%clk 0:01:53]} 41. Qxd4
{[%clk 0:14:39]} Ng4 {[%clk 0:28:04]} 42. Qd8+ {[%clk 0:41:42]} Kh7
{[%clk 0:27:19]} 43. Qd3+ {[%clk 0:41:55]} Kh8 {[%clk 0:26:02]} 44. Qe4
{[%clk 0:39:02]} Nf2 {[%clk 0:22:38]} 45. Qg2 {[%clk 0:39:06]} Qg4
{[%clk 0:22:26]} 46. Rd2 {[%clk 0:38:38]} Nh3+ {[%clk 0:19:06]} 47. Kf1
{[%clk 0:37:56]} Qxc4+ {[%clk 0:18:08]} 48. Qe2 {[%clk 0:37:19]} Qh4
{[%clk 0:17:06]} 49. Qf3 {[%clk 0:30:48]} Nf2 {[%clk 0:09:18]} 50. Rd4
{[%clk 0:28:25]} Qg5 {[%clk 0:08:10]} 51. Kg2 {[%clk 0:27:14]}  1-0

[Event "Olomouc Chess Summer 2022 - D"]
[Site "Olomouc (CZE), Hotel Flora"]
[Date "2022.08.15"]
[Round "4"]
[Board "10"]
[White "Mlynek, Petr"]
[Black "Aird, Ian"]
[Result "1-0"]
[WhiteElo "2047"]
[BlackElo "1809"]
[PlyCount "0"]
[EventDate "2022.08.13"]
[EventRounds "9"]
[EventCountry "CZE"]

1. d4 {[%clk 1:30:57]} d5 {[%clk 1:30:53]} 2. c4 {[%clk 1:31:19]} e6
{[%clk 1:31:20]} 3. Nf3 {[%clk 1:31:40]} Nf6 {[%clk 1:31:45]} 4. g3
{[%clk 1:32:03]} dxc4 {[%clk 1:32:02]} 5. Bg2 {[%clk 1:32:27]} c5
{[%clk 1:32:18]} 6. O-O {[%clk 1:32:48]} Nc6 {[%clk 1:32:30]} 7. dxc5
{[%clk 1:33:09]} Qxd1 {[%clk 1:32:29]} 8. Rxd1 {[%clk 1:33:32]} Bxc5
{[%clk 1:32:32]} 9. Nbd2 {[%clk 1:33:35]} c3 {[%clk 1:32:41]} 10. bxc3
{[%clk 1:33:59]} O-O {[%clk 1:33:01]} 11. Nb3 {[%clk 1:34:20]} Be7
{[%clk 1:33:22]} 12. c4 {[%clk 1:34:32]} Bd7 {[%clk 1:33:29]} 13. Bb2
{[%clk 1:34:53]} Rfc8 {[%clk 1:33:37]} 14. Bxf6 {[%clk 1:33:23]} Bxf6
{[%clk 1:34:04]} 15. Rxd7 {[%clk 1:33:37]} Bxa1 {[%clk 1:34:26]} 16. Nxa1
{[%clk 1:34:03]} Rd8 {[%clk 1:34:40]} 17. Rxd8+ {[%clk 1:31:51]} Rxd8
{[%clk 1:35:07]} 18. Nb3 {[%clk 1:31:47]} Rd1+ {[%clk 1:35:29]} 19. Bf1
{[%clk 1:32:13]} Rb1 {[%clk 1:35:39]} 20. Nfd4 {[%clk 1:21:32]} Nxd4
{[%clk 1:27:09]} 21. Nxd4 {[%clk 1:21:55]} Rb2 {[%clk 1:27:20]} 22. a3
{[%clk 1:21:01]} a6 {[%clk 1:24:00]} 23. f4 {[%clk 1:09:51]} Ra2 {[%clk 1:15:53]}
24. c5 {[%clk 0:45:40]} Rxa3 {[%clk 1:12:44]} 25. Bg2 {[%clk 0:43:19]} Ra1+
{[%clk 1:11:36]} 26. Kf2 {[%clk 0:43:28]} Rb1 {[%clk 1:11:32]} 27. Ke3
{[%clk 0:42:05]} a5 {[%clk 1:07:27]} 28. Kd2 {[%clk 0:40:38]} h6 {[%clk 1:02:05]}
29. Be4 {[%clk 0:32:43]} Rb4 {[%clk 1:00:16]} 30. Kc3 {[%clk 0:32:50]} g5
{[%clk 0:54:08]} 31. e3 {[%clk 0:27:18]} gxf4 {[%clk 0:53:26]} 32. exf4
{[%clk 0:26:48]} Kg7 {[%clk 0:48:08]} 33. Bf3 {[%clk 0:26:24]} Rb1
{[%clk 0:44:46]} 34. Be4 {[%clk 0:25:26]} Rb4 {[%clk 0:44:10]} 35. Bd3
{[%clk 0:25:24]} Kf6 {[%clk 0:42:01]} 36. Nb3 {[%clk 0:20:56]} Ra4
{[%clk 0:41:19]} 37. Be2 {[%clk 0:18:37]} Ra2 {[%clk 0:38:44]} 38. Bf3
{[%clk 0:18:50]} a4 {[%clk 0:38:13]} 39. Nd4 {[%clk 0:12:45]} a3 {[%clk 0:30:28]}
40. Bxb7 {[%clk 0:12:37]} Ke7 {[%clk 0:25:38]} 41. c6 {[%clk 0:12:11]}  1-0

[Event "Olomouc Chess Summer 2022 - D"]
[Site "Olomouc (CZE), Hotel Flora"]
[Date "2022.08.15"]
[Round "4"]
[Board "11"]
[White "Zidu, Jan"]
[Black "Pospisil, Evzen"]
[Result "1/2-1/2"]
[WhiteElo "1815"]
[BlackElo "2045"]
[PlyCount "0"]
[EventDate "2022.08.13"]
[EventRounds "9"]
[EventCountry "CZE"]

1. d4 {[%clk 1:30:57]} Nf6 {[%clk 1:30:55]} 2. Nf3 {[%clk 1:31:13]} e6
{[%clk 1:31:18]} 3. c4 {[%clk 1:31:29]} c5 {[%clk 1:31:12]} 4. e3
{[%clk 1:31:29]} b6 {[%clk 1:31:19]} 5. Nc3 {[%clk 1:31:29]} Bb7 {[%clk 1:31:28]}
6. d5 {[%clk 1:31:29]} d6 {[%clk 1:29:54]} 7. e4 {[%clk 1:31:13]} e5
{[%clk 1:27:41]} 8. g3 {[%clk 1:29:05]} Be7 {[%clk 1:27:41]} 9. Bh3
{[%clk 1:25:29]} O-O {[%clk 1:25:43]} 10. O-O {[%clk 1:24:35]} Na6
{[%clk 1:25:30]} 11. Ne1 {[%clk 1:23:56]} Bc8 {[%clk 1:24:01]} 12. Bxc8
{[%clk 1:21:50]} Qxc8 {[%clk 1:24:22]} 13. Kg2 {[%clk 1:16:54]} Nc7
{[%clk 1:22:22]} 14. Nd3 {[%clk 1:14:19]} Nd7 {[%clk 1:20:34]} 15. f4
{[%clk 1:06:08]} Bf6 {[%clk 1:19:34]} 16. f5 {[%clk 1:06:15]} a6 {[%clk 1:16:49]}
17. g4 {[%clk 0:58:48]} h6 {[%clk 1:14:25]} 18. Be3 {[%clk 0:50:37]} b5
{[%clk 1:09:17]} 19. b3 {[%clk 0:50:55]} Qd8 {[%clk 1:07:50]} 20. Qd2
{[%clk 0:51:00]} Bg5 {[%clk 1:01:07]} 21. Bxg5 {[%clk 0:48:47]} Qxg5
{[%clk 0:58:26]} 22. Qxg5 {[%clk 0:49:05]} hxg5 {[%clk 0:58:50]} 23. Rh1
{[%clk 0:37:47]} f6 {[%clk 0:58:02]} 24. Rab1 {[%clk 0:34:42]} Nb6
{[%clk 0:52:23]} 25. Nb2 {[%clk 0:34:54]} Kf7 {[%clk 0:46:57]}  1/2-1/2

[Event "Olomouc Chess Summer 2022 - D"]
[Site "Olomouc (CZE), Hotel Flora"]
[Date "2022.08.15"]
[Round "4"]
[Board "12"]
[White "Fiser, Milos"]
[Black "Heppell, Ian N"]
[Result "1/2-1/2"]
[WhiteElo "1789"]
[BlackElo "2031"]
[PlyCount "0"]
[EventDate "2022.08.13"]
[EventRounds "9"]
[EventCountry "CZE"]

1. d4 {[%clk 1:30:57]} d6 {[%clk 1:30:42]} 2. Nf3 {[%clk 1:31:18]} f5 3. c4
{[%clk 1:30:27]} Nf6 {[%clk 1:31:20]} 4. Nc3 {[%clk 1:30:40]} g6 {[%clk 1:31:41]}
5. e3 {[%clk 1:28:04]} Bg7 {[%clk 1:31:28]} 6. Be2 {[%clk 1:25:03]} O-O
{[%clk 1:29:00]} 7. O-O {[%clk 1:25:28]} Qe8 {[%clk 1:24:41]} 8. Qc2 e5 9. dxe5
{[%clk 1:09:21]} dxe5 {[%clk 1:24:32]} 10. b4 {[%clk 1:07:39]} Na6
{[%clk 1:04:33]} 11. a3 {[%clk 1:04:42]} c6 {[%clk 1:02:42]} 12. Bb2
{[%clk 1:03:02]} e4 {[%clk 0:45:15]} 13. Nd4 {[%clk 0:56:24]} Nc7
{[%clk 0:41:15]} 14. a4 {[%clk 0:54:01]} Ne6 {[%clk 0:37:27]} 15. Nxe6
{[%clk 0:50:27]} Bxe6 {[%clk 0:37:15]} 16. Rfd1 {[%clk 0:49:51]} Qf7
{[%clk 0:36:37]} 17. Nb1 {[%clk 0:47:46]} Rfd8 {[%clk 0:36:17]} 18. Na3
{[%clk 0:47:29]} Qe7 {[%clk 0:32:33]} 19. Bc3 {[%clk 0:45:48]} Bf7
{[%clk 0:26:31]} 20. Qb2 {[%clk 0:43:31]} Ne8  1/2-1/2

[Event "Olomouc Chess Summer 2022 - D"]
[Site "Olomouc (CZE), Hotel Flora"]
[Date "2022.08.15"]
[Round "4"]
[Board "13"]
[White "Fiser, Jiri"]
[Black "Marek, Jiri"]
[Result "1/2-1/2"]
[WhiteElo "1768"]
[BlackElo "1909"]
[PlyCount "0"]
[EventDate "2022.08.13"]
[EventRounds "9"]
[EventCountry "CZE"]

1. e4 {[%clk 1:30:50]} c5 {[%clk 1:30:51]} 2. Nf3 {[%clk 1:31:15]} Nc6
{[%clk 1:31:11]} 3. d4 {[%clk 1:31:42]} cxd4 {[%clk 1:31:21]} 4. Nxd4
{[%clk 1:32:10]} Nf6 {[%clk 1:31:36]} 5. Nc3 {[%clk 1:32:37]} e5 {[%clk 1:31:56]}
6. Ndb5 {[%clk 1:32:04]} d6 {[%clk 1:31:35]} 7. Bg5 {[%clk 1:29:57]} a6
{[%clk 1:31:44]} 8. Na3 {[%clk 1:30:25]} Be7 {[%clk 1:30:49]} 9. Bxf6
{[%clk 1:30:24]} Bxf6 {[%clk 1:31:11]} 10. Nc4 {[%clk 1:18:44]} Nd4
{[%clk 1:29:21]} 11. Bd3 {[%clk 0:58:46]} Be6 {[%clk 1:28:23]} 12. Ne3
{[%clk 0:58:48]} O-O {[%clk 1:28:03]} 13. O-O {[%clk 0:57:50]} Bg5
{[%clk 1:27:09]} 14. Ncd5 {[%clk 0:35:12]} f5 {[%clk 1:22:41]} 15. c3
{[%clk 0:29:26]} f4 {[%clk 1:18:11]} 16. Nc4 {[%clk 0:28:18]} Nc6
{[%clk 1:08:58]} 17. f3 {[%clk 0:28:37]} b5 {[%clk 1:08:47]} 18. Nd2
{[%clk 0:27:18]} Bh4 {[%clk 1:06:05]} 19. Qe2 {[%clk 0:25:49]} Ne7
{[%clk 0:59:12]} 20. Nxe7+ {[%clk 0:22:42]} Qxe7 {[%clk 0:59:09]} 21. c4
{[%clk 0:23:10]} b4 {[%clk 0:58:18]} 22. c5 {[%clk 0:17:05]} dxc5
{[%clk 0:54:14]} 23. Bc4 {[%clk 0:15:36]} Rfd8 {[%clk 0:51:51]} 24. Bxe6+
{[%clk 0:15:41]} Qxe6 {[%clk 0:52:09]} 25. Qc4 {[%clk 0:15:50]} Kf7
{[%clk 0:51:45]} 26. Qxe6+ {[%clk 0:13:43]} Kxe6 {[%clk 0:52:13]} 27. Nc4
{[%clk 0:13:34]} Rd4 {[%clk 0:51:41]} 28. Rfc1 {[%clk 0:11:53]} Rad8
{[%clk 0:47:53]} 29. Kf1 {[%clk 0:11:52]} a5 {[%clk 0:45:35]} 30. Ke2
{[%clk 0:11:38]} a4 {[%clk 0:45:34]} 31. Rc2 {[%clk 0:10:20]} Be7
{[%clk 0:44:45]} 32. Rac1 {[%clk 0:08:58]} g5 {[%clk 0:43:04]} 33. h3
{[%clk 0:08:33]} h5 {[%clk 0:43:30]} 34. Rf1 {[%clk 0:04:15]} g4 {[%clk 0:38:16]}
35. hxg4 {[%clk 0:04:44]} hxg4 {[%clk 0:38:31]} 36. Rh1 {[%clk 0:04:56]} gxf3+
{[%clk 0:37:46]} 37. gxf3 {[%clk 0:05:24]} Rg8 {[%clk 0:37:22]} 38. Rh6+
{[%clk 0:03:13]} Bf6 {[%clk 0:37:38]} 39. Rh2 {[%clk 0:03:23]} Rg1
{[%clk 0:36:22]} 40. Nd2 {[%clk 0:01:19]} Kd7 {[%clk 0:30:21]} 41. Rxc5
{[%clk 0:27:07]} Kd6 {[%clk 0:54:09]} 42. Ra5 {[%clk 0:25:35]} Bh4
{[%clk 0:41:07]} 43. Rxh4 {[%clk 0:14:50]} Rg2+ {[%clk 0:40:10]} 44. Kf1
{[%clk 0:13:37]} Rgxd2 {[%clk 0:40:15]} 45. Rh6+ {[%clk 0:07:33]} Kc7
{[%clk 0:40:14]} 46. Ra7+ {[%clk 0:05:35]} Kb8 {[%clk 0:40:15]} 47. Rha6
{[%clk 0:05:49]} Rxb2 {[%clk 0:28:55]} 48. Ra8+ {[%clk 0:06:02]} Kc7
{[%clk 0:29:21]} 49. R8a7+ {[%clk 0:06:21]} Kd8 {[%clk 0:29:36]} 50. Ra8+
{[%clk 0:06:45]} Ke7 {[%clk 0:29:30]} 51. R8a7+ {[%clk 0:07:14]} Rd7
{[%clk 0:28:22]} 52. Rxd7+ {[%clk 0:07:35]} Kxd7 {[%clk 0:28:43]} 53. Rxa4
{[%clk 0:08:00]} Kc6 {[%clk 0:26:33]} 54. Ra5 {[%clk 0:04:27]} Kb6
{[%clk 0:25:47]} 55. Rxe5 {[%clk 0:04:48]} Rxa2 {[%clk 0:26:00]} 56. Re8
{[%clk 0:05:04]} Kc5 {[%clk 0:26:18]} 57. Rb8 {[%clk 0:04:58]} Kc4
{[%clk 0:26:31]} 58. Rc8+ {[%clk 0:03:41]} Kd4 {[%clk 0:25:20]} 59. Rb8
{[%clk 0:04:05]} Kc3 {[%clk 0:25:21]} 60. Rc8+ {[%clk 0:04:20]} Kb3
{[%clk 0:25:23]} 61. e5 {[%clk 0:02:47]} Ra5 {[%clk 0:25:11]} 62. e6
{[%clk 0:03:05]} Re5 {[%clk 0:24:44]} 63. Rc6 {[%clk 0:03:22]} Kb2
{[%clk 0:24:59]} 64. Kg2 {[%clk 0:03:39]} Re3 {[%clk 0:16:34]} 65. Rc4
{[%clk 0:03:11]} b3 {[%clk 0:16:45]} 66. Re4 {[%clk 0:03:24]} Rxe4
{[%clk 0:14:27]} 67. fxe4 {[%clk 0:03:53]} Kc3 {[%clk 0:14:45]} 68. e7
{[%clk 0:04:10]} b2 {[%clk 0:15:08]} 69. e8=Q {[%clk 0:04:32]} b1=Q
{[%clk 0:15:27]} 70. Qe5+ {[%clk 0:03:03]} Kd3 {[%clk 0:15:00]} 71. Qxf4
{[%clk 0:03:17]} Qb2+ {[%clk 0:14:30]} 72. Kg3 {[%clk 0:03:39]} Qg7+
{[%clk 0:14:15]} 73. Kf3 {[%clk 0:04:06]} Kc4 {[%clk 0:12:49]} 74. Qf5
{[%clk 0:03:57]} Qc3+ {[%clk 0:11:45]} 75. Kg4 {[%clk 0:04:04]} Qd4
{[%clk 0:10:49]}  1/2-1/2

[Event "Olomouc Chess Summer 2022 - D"]
[Site "Olomouc (CZE), Hotel Flora"]
[Date "2022.08.15"]
[Round "4"]
[Board "14"]
[White "Musil, Vitezslav"]
[Black "Lexa, Vaclav"]
[Result "1/2-1/2"]
[WhiteElo "1857"]
[BlackElo "1741"]
[PlyCount "0"]
[EventDate "2022.08.13"]
[EventRounds "9"]
[EventCountry "CZE"]

1. e4 {[%clk 1:30:56]} c6 {[%clk 1:30:13]} 2. Nc3 {[%clk 1:31:19]} d5
{[%clk 1:30:26]} 3. Nf3 {[%clk 1:31:45]} Bg4 {[%clk 1:30:36]} 4. h3
{[%clk 1:31:25]} Bxf3 {[%clk 1:30:55]} 5. Qxf3 {[%clk 1:31:24]} dxe4
{[%clk 1:26:51]} 6. Nxe4 {[%clk 1:31:25]} Nf6 {[%clk 1:26:40]} 7. Bc4
{[%clk 1:30:13]} Nbd7 {[%clk 1:23:02]} 8. Nxf6+ {[%clk 1:29:07]} Nxf6
{[%clk 1:22:34]} 9. O-O {[%clk 1:29:09]} e6 {[%clk 1:22:18]} 10. c3
{[%clk 1:25:04]} Bd6 {[%clk 1:18:25]} 11. d4 {[%clk 1:24:58]} Nd5
{[%clk 1:18:03]} 12. Bb3 {[%clk 1:17:44]} h6 {[%clk 1:08:19]} 13. c4
{[%clk 1:13:07]} Ne7 {[%clk 1:02:55]} 14. Bc2 {[%clk 1:10:31]} Bc7
{[%clk 0:54:00]} 15. Bf4 {[%clk 0:59:00]} Bxf4 {[%clk 0:50:08]} 16. Qxf4
{[%clk 0:59:24]} Rc8 {[%clk 0:43:44]} 17. Rad1 {[%clk 0:53:37]} Qc7
{[%clk 0:44:01]} 18. Qg4 {[%clk 0:51:45]} O-O {[%clk 0:44:00]} 19. h4
{[%clk 0:42:32]} Qa5 {[%clk 0:35:59]} 20. Bb1 {[%clk 0:34:53]} Rcd8
{[%clk 0:35:18]} 21. Rfe1 {[%clk 0:33:55]} Nf5 {[%clk 0:35:18]} 22. Qe4
{[%clk 0:29:10]} h5 {[%clk 0:27:56]} 23. g3 {[%clk 0:26:55]} g6 {[%clk 0:26:56]}
24. Re2 {[%clk 0:25:44]} Qb6 {[%clk 0:24:10]} 25. Red2 {[%clk 0:21:06]} Rd7
{[%clk 0:20:52]} 26. c5 {[%clk 0:19:57]} Qc7 {[%clk 0:19:01]} 27. Qf3
{[%clk 0:10:56]} Rfd8 {[%clk 0:18:25]} 28. Bxf5 {[%clk 0:10:43]} exf5  1/2-1/2